| 000 | 00403nam a2200145 i 4500 | ||
|---|---|---|---|
| 001 | bg | ||
| 100 | 1 | _aZAKRZEWSKA, Zofia | |
| 245 | 0 |
_aEfekty studiów podyplomowych w wyższych uczelniach technicznych / _cZofia Zakrzewska , Janusz Kowalski. |
|
| 260 |
_aWarszawa, _c1978. |
||
| 700 | 1 | _aKOWALSKI, Janusz | |
| 040 | _cBPK | ||
| 041 | _apol | ||
| 942 | _cKS | ||
| 008 | s pl f |000 0 pol | ||
| 999 |
_c21407 _d21407 |
||
| 856 |
_uhttp://koha.tu.koszalin.pl/cgi-bin/koha/opac-detail.pl?biblionumber=21407 _yKatalog online BPK |
||